000
00289nam a2200109Ia 4500
008
230907s9999||||xx |||||||||||||| ||und||
082
_a
515.45
_b
WAZ
100
_a
Wazwaz, Abdul-Majid.
_9
10472
245
2
_a
A first course in integral equations /
300
_a
xiv, 312 pages ;
942
_c
BK
999
_c
599296
_d
599296